000 00308nam a22001337a 4500
008 170508b xxu||||| |||| 00| 0 eng d
020 _a9780073527956
041 _aeng
080 _26TH
_a343.9
100 _a15
101 _aSHJ
245 _aINTRODUCTION TO CRIMINAL JUSTICE
_cBOHM, R.M
942 _2udc
_cBK
999 _c12923
_d12923